000 00451pab a2200145 454500
008 180718b1983 xxu||||| |||| 00| 0 eng d
100 _aPlatteau, Jean - Philippe
245 _aClassical economics and agrarian reforms in underdeveloped areas
_bThe radical views of the two Mills
260 _c1983
300 _a435-60
362 _aJuly
650 _aLand Tenure - Underdeveloped Areas
773 _aJournal of Development Studies
909 _a12156
999 _c12156
_d12156